Countries without a French embassy - Statistics

General Stats
  • This quiz has been taken 158 times
  • The average score is 17 of 30
Answer Stats
Country % Correct
Tonga
76%
Antigua and Barbuda
74%
Kiribati
74%
Nauru
74%
Tuvalu
73%
Micronesia
71%
Palau
71%
Marshall Islands
70%
Solomon Islands
70%
Saint Vincent and the Grenadines
69%
Barbados
68%
Saint Kitts and Nevis
68%
Samoa
68%
Dominica
63%
Grenada
61%
São Tomé and Príncipe
56%
Bahamas
53%
Liechtenstein
51%
San Marino
51%
Maldives
50%
Bhutan
49%
East Timor
49%
Belize
48%
Lesotho
40%
Guyana
38%
Swaziland
33%
Malawi
30%
Somalia
29%
Gambia
26%
Sierra Leone
15%
No matching quizzes found
Score Distribution
Percent of People with Each Score
Percentile by Number Answered
Your Score History
You have not taken this quiz